| 000 | 00355nam a2200133Ia 4500 | ||
|---|---|---|---|
| 008 | 210210b1973 xxu||||| |||| 00| 0 eng d | ||
| 082 | _a303.4 ANEA | ||
| 100 | _aANEJA (R K) KURIAN (George). | ||
| 245 | _aAgenda for a new India. | ||
| 260 |
_aNew Delhi. _bYoung Asia Publications., _c1973 |
||
| 300 | _avii,92 | ||
| 690 | _aSocial Change | ||
| 906 | _a030729 | ||
| 999 |
_c81767 _d81767 |
||